World Bank atlas 1999
Enregistré dans:
| Format: | Livre |
|---|---|
| Langue: | anglais français espagnol |
| Publié: |
Washington D.C.
The World Bank
1999
|
| Sujets: | |
| Tags: |
Pas de tags, Soyez le premier à ajouter un tag!
|
MARC
| LEADER | 00000nam a2200000 4500 | ||
|---|---|---|---|
| 001 | c120085 | ||
| 005 | 20221108122423.4 | ||
| 020 | |a 0-8213-4377-7 | ||
| 041 | 0 | |a eng | |
| 041 | 0 | |a fre | |
| 041 | 0 | |a spa | |
| 044 | |a US | ||
| 245 | 1 | 0 | |a World Bank atlas 1999 |
| 264 | 1 | |a Washington D.C. |b The World Bank |c 1999 | |
| 300 | |a 63 s. | ||
| 610 | 2 | 0 | |a hospodárstvo svetové |
| 610 | 2 | 0 | |a banky |
| 610 | 2 | 0 | |a banky medzinárodné |
| 610 | 2 | 0 | |a politika hospodárska medzinárodná |
| 610 | 2 | 0 | |a politika svetová |
| 610 | 2 | 0 | |a ukazovatele štatistické |
| 610 | 2 | 0 | |a údaje štatistické medzinárodné |